रिक्शा : एक महागाथा : (Record no. 121953)

MARC details
000 -LEADER
fixed length control field 00909nam a22002177a 4500
010 ## - LIBRARY OF CONGRESS CONTROL NUMBER
LC control number B-138059
020 ## - INTERNATIONAL STANDARD BOOK NUMBER
Terms of availability 250.00
035 ## - SYSTEM CONTROL NUMBER
System control number B-138059
037 ## - SOURCE OF ACQUISITION
Stock number Cen Lib/Ret
040 ## - CATALOGING SOURCE
Original cataloging agency DPL
Language of cataloging HN
082 ## - DEWEY DECIMAL CLASSIFICATION NUMBER
Classification number 388.341
Item number रिक्शाए
245 ## - TITLE STATEMENT
Title रिक्शा : एक महागाथा :
Remainder of title पहचान संग्रस और दावेदारी /
Statement of responsibility, etc सम्पादक राजेन्द्र रवि
246 ## - VARYING FORM OF TITLE
Title proper/short title Rickshaw : Ekmahagatha /
Remainder of title edited by Rajendra Ravi
260 ## - PUBLICATION, DISTRIBUTION, ETC. (IMPRINT)
Place of publication, distribution, etc नई दिल्ली
Name of publisher, distributor, etc वाणी प्रकाशन
Date of publication, distribution, etc 2004
270 ## - ADDRESS
Address 21-ए, दरयागंज
City नई दिल्ली
Postal code 110054
300 ## - PHYSICAL DESCRIPTION
Extent 228p ;
Other physical details 24cm
650 ## - SUBJECT ADDED ENTRY--TOPICAL TERM
Topical term or geographic name as entry element Rickshaw men
9 (RLIN) 117077
650 ## - SUBJECT ADDED ENTRY--TOPICAL TERM
Topical term or geographic name as entry element Social conditions
9 (RLIN) 1609
700 ## - ADDED ENTRY--PERSONAL NAME
Personal name राजेन्द्र रवि
9 (RLIN) 7895
942 ## - ADDED ENTRY ELEMENTS (KOHA)
Source of classification or shelving scheme Dewey Decimal Classification
Koha item type Hindi Books
Classification part 388.341
Call number suffix रिक्शाए
Holdings
Withdrawn status Lost status Damaged status Not for loan Home library Current library Date acquired Source of acquisition Cost, normal purchase price Total Checkouts Full call number Barcode Date last seen Copy number Cost, replacement price Price effective from Koha item type
        Central Library Central Library 02/01/2016 Cen Lib/Ret 250.00   388.341 रिक्शाए B-138059 02/01/2016 1 250.00 02/01/2016 Hindi Books

© Delhi Public Library
Hit Counter
free hit counter